Let's try an alternative method (Record no. 75958)
[ view plain ]
| 000 -LEADER | |
|---|---|
| fixed length control field | 01245cab a2200193 4500 |
| 001 - CONTROL NUMBER | |
| control field | ##L131128 |
| 008 - FIXED-LENGTH DATA ELEMENTS--GENERAL INFORMATION | |
| fixed length control field | 051003n2005 000 0 eng u |
| 035 ## - SYSTEM CONTROL NUMBER | |
| System control number | (Sirsi) u131128 |
| 041 0# - LANGUAGE CODE | |
| Language code of text/sound track or separate title | eng |
| 100 1# - MAIN ENTRY--PERSONAL NAME | |
| Personal name | Ward, Martin |
| 245 00 - TITLE STATEMENT | |
| Title | Let's try an alternative method |
| 260 3# - PUBLICATION, DISTRIBUTION, ETC. | |
| Date of publication, distribution, etc. | 2005 |
| 490 #0 - SERIES STATEMENT | |
| Series statement | Estates Gazette |
| Volume/sequential designation | (0538) 24 September 2005, 140(1) |
| 520 ## - SUMMARY, ETC. | |
| Summary, etc. | Leasehold valuation tribunals have been criticised for being pro-tenant when settling disputes about the price to be paid for a freehold or lease extension. The Commonhold and Leasehold Reform Act 2002 stipulates that in leasehold enfranchisement cases where the unexpired term of the lease exceeds 80 years the marriage value is nil but the Act can still provide for full and fair compensation where the term and the reversion are correctly valued. Covers the weakness in the current method of calculating the freehold reversion value of a block of flats which wrongly assumes that the property will not appreciate in value during the remainder of the unexpired lease term. Provides two solutions that rectify this problem |
| 590 ## - LOCAL NOTE (RLIN) | |
| Local note | IKA111005 |
| 650 24 - SUBJECT ADDED ENTRY--TOPICAL TERM | |
| Topical term or geographic name entry element | COMMONHOLD AND LEASEHOLD REFORM ACT 2002 |
| 690 24 - LOCAL SUBJECT ADDED ENTRY--TOPICAL TERM (OCLC, RLIN) | |
| Topical term or geographic name as entry element | PROPERTY-PROPERTY VALUATION AND APPRAISAL |
| 942 ## - ADDED ENTRY ELEMENTS (KOHA) | |
| Suppress in OPAC | 0 |
| Withdrawn status | Lost status | Source of classification or shelving scheme | Damaged status | Not for loan | Home library | Current library | Shelving location | Date acquired | Total Checkouts | Full call number | Barcode | Date last seen | Copy number | Price effective from | Koha item type |
|---|---|---|---|---|---|---|---|---|---|---|---|---|---|---|---|
| Dewey Decimal Classification | London | London | Journal article | 03/10/2005 | L131128 | 131128-1001 | 06/08/2019 | 1 | 06/08/2019 | Journal article |